MDQL
is popping MORE tags! Check the
thread
!
Quizzes
Events
Quiz Creation
Community
Videos
Private Events
Remove Ads
Sign In
Join for FREE
Feedback
Dark Mode
Quiz Categories
Sports
Geography
Music
Movies
Television
Just For Fun
Miscellaneous
History
Literature
Language
Science
Gaming
Entertainment
Religion
Holiday
For Kids
Quiz Lab
Recent
Popular Today
Quiz Kudos Today
Editor Picks
Curator Picks
Quizzes by...
Day
Popularity
Type
Ratings
Length
Year
Community
Subscriptions
Recent Discussions
Orange Saloon
Badges
Playlists
Quests
Create
Leaderboards
Showdown
Live 5
Trivia Bingo
Activity
Puzzle Library
Sporcle Events
Private Events
Virtual Trivia
Globe League
Become a Host
Pub Owners
SporcleCon
Opinionation
Our Games
Videos
Blog
Mobile Apps
Partnerships
Remove Ads and Go Orange
Feedback
Music
Pop Music
The Beatles
Song
Album
Lyrics
Bands
Singers
Artist
Clip
Rock
Rap
Classical
Billboard
Country Music
Kpop
Taylor Swift
Music
Pop Music
The Beatles
Song
Album
Lyrics
Bands
Singers
Artist
Clip
Rock
Rap
Classical
Billboard
Country Music
Kpop
Taylor Swift
Random Quiz
Search Sporcle
×
Quiz Lab
Quiz Lab
Music
Song
Type in answers that appear in a list
Type in answers that appear in a list
Classic
Best Score? Go Orange.
AVPM Lyrics (didn't have enough room for the whole song) Stats
Can you name the AVPM Lyrics?
By
ZariiaGrint
10m
300 Questions
625 Plays
625 Plays
625 Plays
Comments
Comments
Give Quiz Kudos
Give Quiz Kudos
-
- Ratings
hide this ad
Replay
Link that replays current quiz
Next Quiz
Link to next quiz in quiz playlist
You Got
0%
They Got
Avg Score
70%
Avg Friend Score
Upgrade to see
Score Distribution
Jump to the score distribution portion of the page
Score
0/300
Timer
10:00
0
Plays Today
% Correct
a
87.5%
a
87.5%
a
87.5%
and
87.5%
the
87.2%
a
86.9%
and
86.9%
a
86.7%
a
86.7%
a
86.7%
a
86.7%
the
86.7%
a
86.6%
the
86.6%
the
86.6%
to
80.6%
to
80.6%
to
80.5%
to
80.2%
to
80.2%
to
79.8%
to
79.7%
you
79.5%
you
79.2%
you
79%
her
77.9%
her
77.8%
her
77.8%
her
77.8%
her
77.8%
her
77.6%
her
77.4%
me
76.6%
me
76.5%
be
76.2%
me
76.2%
be
76%
in
75.8%
in
75.8%
be
75.8%
in
75.7%
be
75.7%
in
75.4%
in
75.4%
in
75.4%
in
75.4%
with
75.4%
in
75.4%
with
75.2%
in
75.2%
in
75.2%
in
75.2%
with
74.9%
in
74.9%
with
74.9%
am
74.7%
am
74.6%
is
74.4%
is
74.4%
I
74.1%
is
74.1%
I
74.1%
I
74.1%
I
74.1%
I
73.9%
is
73.9%
I
73.8%
I
73.8%
it
73.8%
I'm
73.8%
I
73.8%
I
73.8%
I'm
73.6%
I
73.6%
it
73.6%
it
73.6%
I
73.6%
I'm
73.4%
I
73.4%
what
73%
it
73%
can
72.8%
it
72.8%
can
72.6%
what
72.5%
what?
72.3%
what?
72.3%
see
72.2%
never
72.2%
never
72.2%
never
72%
ever
72%
never
72%
ever
71.8%
ever
71.8%
ever
71.8%
see
71.8%
Granger
71.7%
danger
71.7%
ever
71.5%
% Correct
this?
71.5%
ever
71.5%
Granger
71.5%
here
71.5%
Here
71.4%
my
71.4%
love
71.4%
danger
71.4%
how
71.4%
this
71.2%
love
71.2%
danger
71.2%
I've
71%
love
71%
I've
71%
how
70.9%
love
70.9%
love
70.9%
love
70.9%
love
70.9%
go
70.9%
I've
70.9%
this
70.9%
face
70.9%
my
70.9%
this
70.9%
love
70.7%
love
70.7%
I've
70.7%
love
70.7%
I've
70.7%
face
70.7%
this
70.7%
so
70.6%
love
70.6%
could
70.6%
love
70.6%
could
70.4%
go!
70.4%
don't
70.4%
falling
70.2%
she
70.2%
don't
70.2%
could
70.2%
falling
70.2%
falling
70.2%
falling
70.2%
she
70.2%
so
70.2%
I'd
70.2%
face
70.1%
face
70.1%
like
70.1%
I'd
70.1%
falling
70.1%
could
70.1%
I'd
69.9%
hell
69.9%
don't
69.9%
falling
69.9%
so
69.9%
like
69.9%
I'd
69.9%
could
69.9%
like
69.8%
falling
69.8%
falling
69.8%
falling
69.8%
falling
69.8%
it's
69.6%
hell
69.6%
falling
69.4%
dress
69.4%
dress
69.3%
make
69.3%
been
69.3%
been
69.3%
Hermione
69.3%
Draco
69.3%
Draco
69.3%
thought
69.3%
like
69.3%
been
69.1%
make
69.1%
thought
69%
mean
69%
Hermione
69%
Draco
69%
been
69%
been
69%
falling
69%
have
68.8%
about
68.8%
about
68.8%
mean
68.8%
mean
68.8%
mean
68.8%
about
68.6%
about
68.6%
situation
68.5%
% Correct
beautiful
68.5%
have
68.5%
sing
68.3%
girl
68.3%
girl
68.3%
situation
68.2%
up
68.2%
seen
68.2%
sing
68.2%
up
68.2%
mess
68.2%
mean
68.2%
beautiful
68%
girl
68%
wake
68%
girl
68%
seen
68%
sing
68%
just
67.8%
wake
67.8%
know
67.8%
seen
67.7%
seen
67.7%
mess
67.5%
know
67.5%
know
67.4%
hottest
67.4%
hottest
67.2%
care
67%
than
66.6%
than
66.6%
has
66.4%
makeup
66.4%
why
66.4%
makeup
66.4%
take
66.4%
why
66.2%
eyes
66.1%
little
66.1%
has
66.1%
take
65.8%
eyes
65.8%
that
65.4%
nothing
65.3%
mistaken
65.3%
expect
65.1%
mistaken
65.1%
transfigured
65.1%
less
65%
transfigured
64.8%
something
64.8%
inside
64.8%
nothing
64.8%
deep
64.5%
now
64.5%
something
64.5%
now
64.3%
inside
64.3%
changed
64.2%
she's
64.2%
deep
64.2%
she's
64%
gotta
63.8%
changed
63.7%
gotta
63.5%
let
63.4%
let
63.4%
let
63.4%
let
63.2%
but
63%
but
62.9%
strange
62.6%
seems
62.4%
seems
62.2%
but
62.2%
strange
61.8%
trigger
61%
feel
60.5%
can't
60.3%
poor
59%
Weasley
59%
Ron
59%
laugh
58.9%
want
58.7%
want
58.6%
because
58.2%
because
58.1%
hold
57.8%
wide
57.3%
open
57.1%
wide
57%
she'd
56.8%
open
56.8%
show
54.7%
wanna
53.6%
they've
50.7%
they've
50.7%
queasy
48.5%
more
37%
C'mon
28.8%
Quiz Playlist
Details
Report
Send in Message
Add To Playlist
Classic:
Type in answers that appear in a list
Last Updated: Feb 16, 2017
Quiz Scoreboard
CHALLENGE
Sign Up to Join the Scoreboard
Show All
Scores
Hide
Comments
May contain spoilers
Recently Published
5x2 Blitz: Bands
by SL_Kpop136
Music
30s
Colored Red Africa Blitz
by spor1
Geography
30s
Find the 'City' Movie
by crazypaving
Movies
60s
More to Explore
Quiz From the Vault
Featured Blog Post
14 Easter Pick-up Lines to Find Eggs With
hide this ad
You Might Also Like...
Tags
Song Quiz
enough
room
starkid
Whole
Today's Top Quizzes in Music
Browse Music
hide this ad
Today's Top Quizzes in Song
Browse Song
Top Contributed Quizzes in Music
1
5X2 Blitz: Bands II
2
5X2 Blitz: The Beatles
3
Taylor Swift All Songs (2024)
4
5X2 Blitz: Billboard
5
Taylor Swift Logic Puzzle II
6
5X2 Blitz: Billboard II
7
5X2 Blitz: Singers
8
5X2 Blitz: Album
9
5X2 Blitz: Rock
10
5X2 Blitz: Lyrics
Explore More
Trending Topics
Kpop
Disney
Harry Potter
Crossword
NBA
Anime
Marvel
The Office
Pokémon
Soccer
NFL
Song
WWE
Puzzle
Country
hide this ad
More By:
ZariiaGrint
Quiz
Plays
Rating
Category
Featured
Created
Actor Names in Movie Titles
33,863
4.57
Movies
Aug 4, 2018
Actors First Name Movie Match
22,131
4.55
Movies
Jul 30, 2018
Emma Stone or Emma Watson
17,446
4.52
Movies
Apr 9, 2019
Click the Acting Pairs
13,186
3.77
Movies
Mar 1, 2020
Movie Actor Threesomes
9,454
4.26
Movies
Jul 13, 2018
Go to Creator's Profile
Score Distribution
Quiz Creator Spotlight
ZariiaGrint
Follow
Send a Message
Quizzes Created
-
Created Quiz Play Count
-
More By This Creator
Popular Quizzes Today
1
Colored Red Africa Blitz
2
Find the 'City' Movie
3
Find the US States - No Outlines Minefield
4
5x2 Blitz: Bands
5
The Countries of the World
6
Find the US States
7
US States
8
Find the Countries of Europe - No Outlines Minefield
More Music Quizzes
US States In Song Titles
Published
Trending Quizzes
Colored Red Europe Blitz I
Colored Red Africa Blitz II
Colored Red Europe Blitz II
Colored Red Europe Blitz III
Colored Red Africa Blitz III
Recently Updated
How Do You Spell That?
pecheneg
Godzilla Movies
pecheneg
Grab Bag: 4-10 Letters
pecheneg
2024 March Madness Bracket
pecheneg
Famous TV Couples
Peacemaker
Champions League XIs: Real Madrid
pecheneg
Largest US Cities 1790-2010
pecheneg
Rides in Walt Disney World
pecheneg
Most Oscar Losses (Acting)
pecheneg
Beyoncé Albums
pecheneg
Trending Topics
Disney
Crossword
Anime
Marvel
NBA
Harry Potter
Kpop
Soccer
Pokémon
The Office
Country
Puzzle
NFL
WWE
Song
Your Account Isn't Verified!
In order to create a playlist on Sporcle, you need to verify the email address you used during registration. Go to your
Sporcle Settings
to finish the process.
Report this User
Report this user for behavior that violates our
Community Guidelines
.
Details:
Send Report
Go to the Sporcle.com Mobile Site →
Comments